| 000 | 00815nam a2200229Ia 4500 | ||
|---|---|---|---|
| 003 | GCL | ||
| 008 | 140319s9999 xx 000 0 ara d | ||
| 020 | _a2225605977 | ||
| 040 |
_aGCL / _cGCL |
||
| 082 | 0 | 4 |
_aق _b363.7 _bع م |
| 100 | 1 | _aعلاء السيد محمد | |
| 245 | 1 | 0 |
_aالمشكلات البيئية للقاهرة الكبرى : _bدراسة تطبيقية / _cعلاء السيد محمد |
| 260 |
_aالقاهرة : _bمكتبة الانجلوالمصرية ، _c2006 |
||
| 300 |
_a551 ص ؛ _c24 سم |
||
| 650 | 0 | 4 | _aتلوث البيئة |
| 650 | 0 | 4 | _aحماية البيئة |
| 650 | 0 | 4 | _aالهواء - تلوث |
| 650 | 0 | 4 | _aالقاهرة - السكان |
| 650 | 0 | 4 | _aالهواء - تلوث - القاهرة |
| 650 | 0 | 4 | _aالقاهرة - تلوث البيئة |
| 942 |
_2ddc _cBK |
||
| 999 |
_c9815 _d9815 |
||